Pomoc a podpora poskytovaná z fondov Európskeho spoločenstva

O Zákone o pomoci a podpore poskytovanej z fondov Európskeho spoločenstva, ktorý bol prijatý NR SR pod č. 528/2008 Z.z. (s účinnosťou od 1. 1. 2009). Naposledy bol doplnený novelou prijatou ako zákon č. 266/2009 Z.z. (s účinnosťou of 7. 7. 2009)

Salvato in:
Dettagli Bibliografici
Autore principale: Tomiová, Sandra
Natura: Capitolo di libro
Lingua:slovacco
Soggetti:
Tags: Aggiungi Tag
Nessun Tag, puoi essere il primo ad aggiungerne!!

MARC

LEADER 00000naa$a2200000$$$4500
001 0102718
005 20231120083757.9
041 0 |a slo 
044 |a SK 
245 1 0 |a Pomoc a podpora poskytovaná z fondov Európskeho spoločenstva  |c Sandra Tomiová 
520 |a O Zákone o pomoci a podpore poskytovanej z fondov Európskeho spoločenstva, ktorý bol prijatý NR SR pod č. 528/2008 Z.z. (s účinnosťou od 1. 1. 2009). Naposledy bol doplnený novelou prijatou ako zákon č. 266/2009 Z.z. (s účinnosťou of 7. 7. 2009) 
610 2 0 |a Európsky ekonomický priestor 
610 2 0 |a fondy finančné 
610 2 0 |a pomoc finančná 
610 2 0 |a zákony 
610 2 0 |a novelizácia 
610 2 0 |a Slovensko 
100 1 |a Tomiová, Sandra